header

Reflective practice in nursing (Record no. 45255)

MARC details
000 -LEADER
fixed length control field 01940nam a2200349 a 4500
082 04 - DEWEY DECIMAL CLASSIFICATION NUMBER
Classification number 610.73
245 00 - TITLE STATEMENT
Title Reflective practice in nursing
250 ## - EDITION STATEMENT
Edition statement 5th ed.
260 ## - PUBLICATION, DISTRIBUTION, ETC. (IMPRINT)
Place of publication Hoboken :
Name of publisher Wiley-Blackwell,
Year of publication 2013.
300 ## - PHYSICAL DESCRIPTION
Number of Pages x, 262 p. :
Other physical details ill.
505 0# - FORMATTED CONTENTS NOTE
Formatted contents note An introduction to reflection / Chris Bulman -- Developing skills for reflective practice / Sue Atkins and Sue Schutz -- Writing to learn : writing reflectively / Sylvina Tate -- Reflecting in groups / Bernadette Carter -- An exploration of the student and mentor journey into reflective practice / Charlotte Maddison and Pam Sharp -- Supervision for supervisors : icing on the cake or a basic ingredient for the development of clinical supervision in nursing? / John Driscoll and Paul Cassedy -- A personal exploration of reflection and clinical expertise / Sue Duke -- Assessing and evaluating reflection / Sue Schutz -- Getting started on a journey with reflection / Chris Bulman.
650 #0 - SUBJECT ADDED ENTRY--TOPICAL TERM
Topical Term Nursing
Topical Term Critical thinking.
700 1# - ADDED ENTRY--PERSONAL NAME
Personal name Bulman, Chris.
Personal name Schutz, Sue.
856 40 - ELECTRONIC LOCATION AND ACCESS
Uniform Resource Identifier http://site.ebrary.com/lib/rucke/Doc?id=10646002

No items available.

© 2026 Rongo University
Contact us: librarian | system librarian | Rongo university